Car Models by Definition II Quiz Stats

 Plays Quiz Updated Feb 6, 2012

Challenge
Share
Tweet
Embed
Score 0/25 Timer 05:00
1 Play Today
Thing Fact Car Model % Correct
A sharp claw, especially on a birdTalon
81.6%
An animal with a very rapid reproductive rateRabbit
78.3%
Spanish for devilDiablo
78.1%
To break out of prisonEscape
75.9%
Fred Flintstone's petDino
74.3%
Gerard Butler fantasy film involving Spartans300
73.6%
A maker of barrelsCooper
73.5%
Relating or belonging to a cityCivic
72%
Intelligence measurement (abbreviated)iQ
71.4%
Bush country in AustraliaOutback
70.8%
A ghost...and it could be a 'menace'Phantom
70.5%
Jeans brandWrangler
69.2%
Direction aidCompass
67.5%
Thing Fact Car Model % Correct
Vasco da Gama or Henry HudsonExplorer
66.5%
Unit for measuring electrical potentialVolt
64.5%
A person very short in statureMidget
62.2%
Something that appears to be there but is notMirage
60%
A type of pepperCayenne
57.3%
It's also known as a puma or catamountCougar
54.3%
Early firearm inventor SamuelColt
54.2%
Modern version of this game hails from 15th Century ScotlandGolf
50.1%
A substance that consists of only one type of atomElement
46.7%
Card game with 'Wild Draw Four'Uno
45%
An adventurous mission in search of somethingQuest
35.2%
80s TV drama with Linda Evans and Joan CollinsDynasty
29.8%

You're not logged in!

Compare scores with friends on all Sporcle quizzes.
Join for Free
OR
Log In

You Might Also Like...

Show Comments

Extras

Top Quizzes Today


Score Distribution

Your Account Isn't Verified!

In order to create a playlist on Sporcle, you need to verify the email address you used during registration. Go to your Sporcle Settings to finish the process.

Report this User

Report this user for behavior that violates our Community Guidelines.

Details: